000 00992nmm a2200337 a 4500
003 AR-BaBNM
005 20251128205850.0
008 228019s1995 ||||||||||||||000 | spa||
020 _a950-14-0849-3
040 _cAR-BaBNM
100 1 _aPuccinelli, Oscar Raúl
245 1 0 _aDerechos humanos y SIDA
260 _aBuenos Aires
_bDepalma
_c1995
300 _a480 p.
500 _aNotas y referencias bibliográficas a pie de página
500 _aSe adjunta un ejemplar desprendible de la ley y el reglamento citados
650 4 _aDERECHOS HUMANOS
650 4 _aDIGNIDAD
650 4 _aLEGISLACION SANITARIA
650 4 _aTRANSMISION DE ENFERMEDADES
650 4 _aENFERMEDADES INFECCIOSAS
650 4 _aENFERMEDADES DE TRANSMISION SEXUAL
650 4 _aMEDICINA PREVENTIVA
650 4 _aDIAGNOSTICO MEDICO
650 4 _aEDUCACION SEXUAL
651 4 _aArgentina
653 0 _aSIDA
700 1 _aSagüés, Néstor P.F.
_eprologuista
942 _cBK
998 _carturo
999 _c13075
_d13075